| 000 | 00445cam a2200181ua 4500 | ||
|---|---|---|---|
| 001 | 3212 | ||
| 008 | 111012n ii |||gr||||Z||||||asm | ||
| 040 | _cMAIN | ||
| 082 | _a891.4513 | ||
| 100 | 1 |
_aSharma, Hemchandra, _eAuthor. |
|
| 245 | 1 | 1 |
_aModar fular mala _cby Hemcandra Sharma |
| 250 | _a1st. | ||
| 260 |
_aGuahati: _bSahitya Prakash,989. |
||
| 300 |
_a85p: _c23cm. |
||
| 653 | _aAssamese novel | ||
| 653 | _aModar fular mala | ||
| 942 | _cBK | ||
| 999 |
_c3058 _d3058 |
||